پطرس کے مضامین , Pitras ky mazameen / (Record no. 599682)
[ view plain ]
| 000 -LEADER | |
|---|---|
| fixed length control field | 00368nam a2200121Ia 4500 |
| 008 - FIXED-LENGTH DATA ELEMENTS--GENERAL INFORMATION | |
| fixed length control field | 230907s9999||||xx |||||||||||||| ||und|| |
| 082 ## - DEWEY DECIMAL CLASSIFICATION NUMBER | |
| Classification number | 891.4394 |
| Author Mark | BUK |
| 245 #0 - TITLE STATEMENT | |
| Title | پطرس کے مضامین , Pitras ky mazameen / |
| 260 ## - PUBLICATION, DISTRIBUTION, ETC. | |
| Place of publication, distribution, etc. | Rubi Publications, |
| Name of publisher, distributor, etc. | Lahore : |
| Date of publication, distribution, etc. | 2019 |
| 300 ## - PHYSICAL DESCRIPTION | |
| Extent | 152 p. |
| 650 ## - SUBJECT ADDED ENTRY--TOPICAL TERM | |
| Topical term or geographic name entry element | Urdu Literature. Urdu Essays | Urdu Lessons. |
| 9 (RLIN) | 115816 |
| 942 ## - ADDED ENTRY ELEMENTS (KOHA) | |
| Koha item type | Book |
| Withdrawn status | Lost status | Damaged status | Not for loan | Permanent Location | Current Location | Date acquired | Total Checkouts | Full call number | Barcode | Date last seen | Price effective from | Koha item type |
|---|---|---|---|---|---|---|---|---|---|---|---|---|
| US-Pakistan Center for Advanced Studies in Energy (USPCAS-E) | US-Pakistan Center for Advanced Studies in Energy (USPCAS-E) | 10/01/2019 | 891.4394 BUK | CAS-E0003781 | 07/10/2025 | 09/12/2023 | Book |
